[Event "CHN-Tch"]
[Site "CHN"]
[Date "2012.04.29"]
[Round "2.3"]
[White "Yang, Kaiqi"]
[Black "Ma, Qun"]
[Result "1/2-1/2"]
[WhiteElo "2360"]
[BlackElo "2481"]
[PlyCount "99"]
[EventDate "2012.04.28"]
[EventType "team"]
[EventRounds "22"]
[EventCountry "CHN"]
[Source "ChessBase"]
[SourceDate "2013.11.20"]
[WhiteTeam "Hebei"]
[BlackTeam "Tianjin"]
[WhiteTeamCountry "CHN"]
[BlackTeamCountry "CHN"]

1. d4 d5 2. c4 c6 3. Nf3 Nf6 4. e3 g6 5. Nbd2 Bg7 6. Bd3 O-O 7. O-O Bf5 8. Bxf5
gxf5 9. Qb3 Qc7 10. Ne5 e6 11. Qc2 Nbd7 12. Ndf3 Rfc8 13. Nxd7 Qxd7 14. Ne5 Qc7
15. Nd3 b5 16. c5 Ng4 17. g3 a5 18. Bd2 Kh8 19. f3 Nf6 20. Rf2 Rg8 21. Raf1 Bh6
22. Rg2 Rg7 23. Qd1 Bg5 24. Qe2 h5 25. Kh1 Rh7 26. Rfg1 a4 27. Be1 Rg8 28. g4
fxg4 29. Bg3 Qe7 30. Bd6 Qd8 31. Be5 Rgg7 32. Nb4 Qe8 33. Qf2 Rg6 34. h4 Bh6
35. fxg4 Bg7 36. gxh5 Ne4 37. Bxg7+ Rhxg7 38. Qf4 Rxg2 39. Rxg2 Rxg2 40. Kxg2
Kg7 41. Qc7 Qg8 42. Nxc6 Kh8+ 43. Kh2 Qg4 44. Qb8+ Kh7 45. Qf4 Qe2+ 46. Kg1
Qe1+ 47. Kg2 Qe2+ 48. Kg1 Qe1+ 49. Kg2 Qe2+ 50. Kg1 1/2-1/2

[Event "CHN-Tch"]
[Site "CHN"]
[Date "2012.06.28"]
[Round "6"]
[White "Yang, Kaiqi"]
[Black "Liu, Chang"]
[Result "1-0"]
[WhiteElo "2360"]
[BlackElo "2262"]
[PlyCount "91"]
[EventDate "2012.04.28"]
[EventType "team"]
[EventRounds "22"]
[EventCountry "CHN"]
[Source "Mark Crowther"]
[SourceDate "2012.07.02"]
[WhiteTeam "Hebei"]
[BlackTeam "Guangdong"]

1. Nf3 Nf6 2. c4 g6 3. Nc3 Bg7 4. e4 d6 5. d4 O-O 6. Be2 c5 7. O-O cxd4 8. Nxd4
Nc6 9. Be3 Nxd4 10. Bxd4 Bd7 11. Qd2 Bc6 12. Bd3 a5 13. Rae1 Nd7 14. Bxg7 Kxg7
15. Re3 h6 16. Rh3 Rh8 17. f4 Qb6+ 18. Kh1 Qc5 19. Rg3 Rag8 20. Qc2 Kf8 21. Nd5
Bxd5 22. exd5 Qd4 23. a3 b6 24. b4 axb4 25. axb4 g5 26. Bf5 Nb8 27. Rd3 Qf6 28.
fxg5 hxg5 29. Rdf3 Qe5 30. g3 g4 31. Rf4 f6 32. b5 Rh6 33. Bxg4 Rgh8 34. h4 Rg8
35. Qe4 Rhg6 36. Be6 R8g7 37. Qxe5 dxe5 38. R4f3 Rg8 39. Ra1 Rh8 40. Ra7 e4 41.
Re3 f5 42. Bxf5 Rf6 43. Be6 Kg7 44. Rxe7+ Kh6 45. Rxe4 Rhf8 46. Kg2 1-0

[Event "CHN-Tch"]
[Site "CHN"]
[Date "2012.06.29"]
[Round "7"]
[White "Zhou Weiqi"]
[Black "Yang, Kaiqi"]
[Result "0-1"]
[WhiteElo "2628"]
[BlackElo "2360"]
[PlyCount "72"]
[EventDate "2012.04.28"]
[EventType "team"]
[EventRounds "22"]
[EventCountry "CHN"]
[Source "Mark Crowther"]
[SourceDate "2012.07.02"]
[WhiteTeam "Jiangsu"]
[BlackTeam "Hebei"]

1. d4 Nf6 2. c4 g6 3. Nc3 Bg7 4. e4 d6 5. Nf3 O-O 6. Be2 c5 7. O-O cxd4 8. Nxd4
Nc6 9. Be3 Nxd4 10. Bxd4 Bd7 11. Re1 Bc6 12. Bd3 a5 13. b3 Nd7 14. Bxg7 Kxg7
15. Qd2 Qb6 16. Re3 Qc5 17. Rae1 h5 18. h3 a4 19. Nd5 axb3 20. axb3 Bxd5 21.
exd5 Ne5 22. f4 Nxd3 23. Qxd3 b5 24. cxb5 Rab8 25. f5 Rxb5 26. fxg6 fxg6 27.
Kh1 Qxd5 28. Rxe7+ Kh6 29. Qc3 Rf4 30. Qh8+ Kg5 31. Qd8 Kh6 32. Re8 Rb7 33. h4
Rf2 34. Rh8+ Kg7 35. Rg1 Rxb3 36. Qc8 Rf4 0-1

[Event "CHN-Tch"]
[Site "CHN"]
[Date "2012.07.14"]
[Round "10"]
[White "Riazantsev, Alexander"]
[Black "Yang, Kaiqi"]
[Result "1-0"]
[WhiteElo "2710"]
[BlackElo "2360"]
[PlyCount "87"]
[EventDate "2012.04.28"]
[EventType "team"]
[EventRounds "22"]
[EventCountry "CHN"]
[WhiteTeam "Wuxi Huafang Construction Team"]
[BlackTeam "Hebei Sports Lottery Team"]

1. d4 Nf6 2. c4 g6 3. g3 Bg7 4. Bg2 O-O 5. Nc3 c5 6. Nf3 cxd4 7. Nxd4 Nc6 8.
O-O Nxd4 9. Qxd4 d6 10. Qd3 Ng4 11. b3 Bf5 12. Qd2 h5 13. Bb2 Bh6 14. Qd1 h4
15. h3 Nf6 16. g4 Bd7 17. Bxb7 Rb8 18. Bg2 Qb6 19. Qd3 Bg7 20. Rac1 Rfc8 21. g5
Nh5 22. Nd5 Qd8 23. Bxg7 Nxg7 24. Qd4 Nf5 25. Qxa7 Ra8 26. Qb6 Rxa2 27. e4 Ng7
28. Ra1 Rb2 29. Qe3 Rb8 30. Ra3 Bc6 31. Re1 Ra8 32. Rxa8 Bxa8 33. Ra1 Bxd5 34.
Qc3 Re2 35. cxd5 e5 36. Kf1 Qxg5 37. Kxe2 Qxg2 38. Qf3 Qg5 39. Ra8+ Kh7 40.
Qxf7 Qc1 41. Ra7 Qc2+ 42. Kf3 Qd3+ 43. Kg2 Qxe4+ 44. Kh2 1-0

[Event "CHN-Tch"]
[Site "CHN"]
[Date "2012.10.06"]
[Round "15"]
[White "Harikrishna, Penteala"]
[Black "Yang, Kaiqi"]
[Result "1-0"]
[WhiteElo "2678"]
[BlackElo "2360"]
[PlyCount "51"]
[EventDate "2012.04.28"]
[EventType "team"]
[EventRounds "22"]
[EventCountry "CHN"]
[Source "Mark Crowther"]
[SourceDate "2012.10.09"]
[WhiteTeam "Chengdu Bank Team"]
[BlackTeam "Hebei Sports Lottery Team"]

1. e4 e5 2. Nf3 Nc6 3. Bc4 Nf6 4. d3 Be7 5. O-O O-O 6. Re1 d6 7. a4 Na5 8. Ba2
c5 9. c3 Nc6 10. Nbd2 Be6 11. Nc4 h6 12. Bd2 a6 13. b4 b5 14. Ne3 d5 15. exd5
Nxd5 16. Bxd5 Bxd5 17. axb5 Bxf3 18. Qxf3 Qxd3 19. bxc6 Qxd2 20. Nd5 Bg5 21.
Re2 e4 22. Qxe4 Rae8 23. Qxe8 Qxd5 24. c7 Qb7 25. Qxf8+ Kxf8 26. Rae1 1-0

[Event "Sydney int. op"]
[Site "Parramatta AUS"]
[Date "2012.04.12"]
[Round "3.4"]
[White "Yang, Kaiqi"]
[Black "Zeng, Chongsheng"]
[Result "0-1"]
[WhiteElo "2360"]
[BlackElo "2435"]
[PlyCount "131"]
[EventDate "2012.04.11"]
[EventType "swiss"]
[EventRounds "9"]
[EventCountry "AUS"]
[Source "Mark Crowther"]
[SourceDate "2012.04.23"]

1. e4 c5 2. Nf3 d6 3. d4 cxd4 4. Nxd4 Nf6 5. Nc3 a6 6. Bc4 e6 7. O-O b5 8. Bb3
Be7 9. Qf3 Qb6 10. Bg5 O-O 11. Rfe1 Nbd7 12. Rad1 Ne5 13. Qg3 Nh5 14. Qh4 Bxg5
15. Qxg5 Nf6 16. Re3 h6 17. Qg3 Bd7 18. a3 Rac8 19. Kh1 Nc4 20. Bxc4 Rxc4 21.
Nde2 e5 22. Red3 Rc6 23. Qe3 Qxe3 24. Rxe3 Be6 25. Red3 Rd8 26. f3 Kf8 27. R3d2
Ke7 28. Kg1 Rb8 29. Kf2 a5 30. b4 Bc4 31. g4 axb4 32. axb4 Ra8 33. Ng3 g6 34.
Nce2 Ra3 35. h4 Bxe2 36. Nxe2 h5 37. g5 Ne8 38. c3 Nc7 39. Rc2 Ra4 40. Rb2 Rca6
41. Ke3 Na8 42. Rbd2 Nb6 43. Kf2 Nc4 44. Rc2 Ra1 45. Rxa1 Rxa1 46. Nc1 f6 47.
gxf6+ Kxf6 48. Nb3 Rh1 49. Kg3 g5 50. hxg5+ Kxg5 51. Rc1 h4+ 52. Kg2 Rxc1 53.
Nxc1 Ne3+ 54. Kh3 Kf4 55. c4 Nxc4 56. Ne2+ Kxf3 57. Nc3 Na3 58. Kxh4 Ke3 59.
Kg5 Kd3 60. Nd5 Kxe4 61. Nf6+ Kd4 62. Kf5 Nc2 63. Ne8 e4 64. Nxd6 e3 65. Nxb5+
Kd3 66. Kf4 0-1

[Event "Sydney int. op"]
[Site "Parramatta AUS"]
[Date "2012.04.13"]
[Round "5.15"]
[White "Yang, Kaiqi"]
[Black "Guo, Emma"]
[Result "1-0"]
[WhiteElo "2360"]
[BlackElo "2019"]
[PlyCount "41"]
[EventDate "2012.04.11"]
[EventType "swiss"]
[EventRounds "9"]
[EventCountry "AUS"]
[Source "Mark Crowther"]
[SourceDate "2012.04.23"]

1. e4 e5 2. Nf3 Nc6 3. d4 exd4 4. Nxd4 Bb4+ 5. c3 Bc5 6. Be3 Bb6 7. Bc4 Nf6 8.
Nxc6 bxc6 9. Bxb6 axb6 10. e5 Qe7 11. O-O Nd5 12. Nd2 O-O 13. Nf3 Ba6 14. Bxa6
Rxa6 15. Qd2 b5 16. a3 Ra4 17. Rae1 f6 18. e6 dxe6 19. Nd4 e5 20. Nxc6 Qf7 21.
Qxd5 1-0

[Event "Doeberl Cup Premier O2C"]
[Site "Canberra AUS"]
[Date "2012.04.05"]
[Round "1.18"]
[White "Safarian, Alek"]
[Black "Yang, Kaiqi"]
[Result "0-1"]
[WhiteElo "2036"]
[BlackElo "2360"]
[PlyCount "96"]
[EventDate "2012.04.05"]
[EventType "swiss"]
[EventRounds "9"]
[EventCountry "AUS"]
[Source "Mark Crowther"]
[SourceDate "2012.04.09"]

1. d4 Nf6 2. c4 e6 3. Nf3 b6 4. g3 Ba6 5. Qc2 Bb4+ 6. Bd2 Be7 7. Bg2 O-O 8. O-O
d5 9. Ne5 c5 10. dxc5 Bxc5 11. Nc3 Qc7 12. cxd5 exd5 13. Nd3 Nc6 14. Nxc5 bxc5
15. Qa4 Qb6 16. Bxd5 Rad8 17. Bxc6 Rxd2 18. Bf3 Rxb2 19. Rab1 Bc8 20. Qa3 Rb4
21. Rbc1 Be6 22. Rfd1 h5 23. Nd5 Nxd5 24. Bxd5 h4 25. Qc3 h3 26. Qxc5 Qxc5 27.
Rxc5 Rd8 28. f4 Rxd5 29. Rcxd5 Bxd5 30. Rxd5 Rb1+ 31. Kf2 Rh1 32. Rh5 Rxh2+ 33.
Kf3 g6 34. Rh4 Rh1 35. f5 Rf1+ 36. Kg4 Rxf5 37. Kxh3 Ra5 38. a4 Re5 39. Rd4
Rxe2 40. Rd7 a6 41. Rd8+ Kg7 42. Kg4 Re5 43. Kf4 Ra5 44. Rd4 Kf6 45. Ke4 Ke6
46. Kd3 Ke5 47. Kc3 Rc5+ 48. Rc4 Kd5 0-1

[Event "Doeberl Cup Premier O2C"]
[Site "Canberra AUS"]
[Date "2012.04.05"]
[Round "2.14"]
[White "Yang, Kaiqi"]
[Black "Beaumont, David"]
[Result "1-0"]
[WhiteElo "2360"]
[BlackElo "2050"]
[PlyCount "91"]
[EventDate "2012.04.05"]
[EventType "swiss"]
[EventRounds "9"]
[EventCountry "AUS"]
[Source "Mark Crowther"]
[SourceDate "2012.04.09"]

1. e4 d5 2. exd5 Nf6 3. c4 c6 4. d4 cxd5 5. Nc3 e6 6. Nf3 Be7 7. Bg5 O-O 8. Rc1
Nc6 9. c5 h6 10. Bh4 Ne4 11. Bxe7 Qxe7 12. Bb5 Nxc3 13. Rxc3 Bd7 14. O-O a6 15.
Ba4 Rfc8 16. Re1 Rab8 17. a3 Qe8 18. Bxc6 Bxc6 19. Ne5 f6 20. Nd3 g5 21. f4 Rc7
22. Qg4 Kf7 23. h4 f5 24. Qh5+ Kg7 25. Qxe8 Rxe8 26. hxg5 h5 27. Ne5 Rh8 28.
Kf2 Be8 29. Rb3 Ba4 30. Rb6 Re7 31. b3 Bb5 32. a4 Be8 33. Re3 a5 34. Rd6 h4 35.
Rd8 Bh5 36. Rxh8 Kxh8 37. Rh3 Kg8 38. Ke1 Be8 39. Rxh4 b5 40. axb5 Bxb5 41.
Rh8+ Kxh8 42. Ng6+ Kg7 43. Nxe7 Bd7 44. c6 Kf7 45. cxd7 Kxe7 46. g6 1-0

[Event "Doeberl Cup Premier O2C"]
[Site "Canberra AUS"]
[Date "2012.04.06"]
[Round "3.4"]
[White "Xie, George"]
[Black "Yang, Kaiqi"]
[Result "1/2-1/2"]
[WhiteElo "2456"]
[BlackElo "2360"]
[PlyCount "118"]
[EventDate "2012.04.05"]
[EventType "swiss"]
[EventRounds "9"]
[EventCountry "AUS"]
[Source "Mark Crowther"]
[SourceDate "2012.04.09"]

1. Nf3 Nf6 2. c4 c6 3. Nc3 d5 4. e3 a6 5. Qc2 g6 6. d4 Bg7 7. Ne5 O-O 8. Bd3
dxc4 9. Bxc4 b5 10. Be2 Bf5 11. Qb3 Be6 12. Qd1 c5 13. dxc5 Qc7 14. Nd3 Nbd7
15. b4 Ne4 16. Nxe4 Bxa1 17. a3 Ne5 18. Nb2 Qc6 19. f3 Bf5 20. Qd4 f6 21. Ng3
Be6 22. Qd2 Rad8 23. Qc2 Qd5 24. O-O Qb3 25. Qb1 Bxb2 26. Qxb2 Nd3 27. Qxb3
Bxb3 28. Ne4 Nxc1 29. Rxc1 f5 30. Nc3 Rd2 31. a4 Bxa4 32. Nxa4 bxa4 33. Bc4+
Kg7 34. c6 a3 35. c7 Rc8 36. Be6 Rxc7 37. Rxc7 a2 38. Bxa2 Rxa2 39. Rxe7+ Kh6
40. g4 fxg4 41. fxg4 Rb2 42. h4 Rxb4 43. e4 g5 44. Re6+ Kg7 45. hxg5 Rb5 46.
Kf2 Rxg5 47. Kf3 h5 48. gxh5 Rxh5 49. Rxa6 Kf7 50. Kg4 Rb5 51. Kf4 Ke7 52. Ra7+
Ke6 53. Rh7 Ra5 54. Rh8 Rb5 55. Re8+ Kf7 56. Ra8 Ke6 57. Ra1 Rc5 58. e5 Rc4+
59. Kg5 Kxe5 1/2-1/2

[Event "Doeberl Cup Premier O2C"]
[Site "Canberra AUS"]
[Date "2012.04.06"]
[Round "4.7"]
[White "Yang, Kaiqi"]
[Black "Zhao, Zong Yuan"]
[Result "1-0"]
[WhiteElo "2360"]
[BlackElo "2556"]
[PlyCount "101"]
[EventDate "2012.04.05"]
[EventType "swiss"]
[EventRounds "9"]
[EventCountry "AUS"]
[Source "Mark Crowther"]
[SourceDate "2012.04.09"]

1. e4 e5 2. Nf3 Nc6 3. d4 exd4 4. Nxd4 Nf6 5. Nxc6 bxc6 6. e5 Qe7 7. Qe2 Nd5 8.
c4 Ba6 9. b3 g6 10. f4 d6 11. Qf2 Nb6 12. Be2 dxe5 13. O-O e4 14. Ba3 c5 15.
Nc3 O-O-O 16. Qe3 Qe6 17. Rad1 Rd4 18. Na4 Rxd1 19. Rxd1 Nd7 20. Qc3 Rg8 21.
Qa5 Be7 22. Nc3 Qb6 23. Qa4 Nf6 24. Nxe4 Bb7 25. Nxf6 Qxf6 26. Qxa7 Qxf4 27.
Bc1 Qe5 28. Bf3 c6 29. g3 Rd8 30. Rf1 Qd4+ 31. Rf2 Qa1 32. Rf1 Qd4+ 33. Kh1 f5
34. Qb6 Qd3 35. Kg2 Qd7 36. Bf4 Bd6 37. Bxd6 Qxd6 38. Rd1 Qe7 39. Rxd8+ Qxd8
40. Qxc5 Qd2+ 41. Qf2 Qd7 42. Qe3 Qg7 43. h4 Kc7 44. a4 Qb2+ 45. Kh3 Bc8 46.
Qa7+ Bb7 47. Qe3 Kc8 48. Qb6 Qa1 49. a5 Qe1 50. Qc5 Kc7 51. b4 1-0

[Event "Doeberl Cup Premier O2C"]
[Site "Canberra AUS"]
[Date "2012.04.07"]
[Round "5.3"]
[White "Horvath, Ad1"]
[Black "Yang, Kaiqi"]
[Result "1/2-1/2"]
[WhiteElo "2487"]
[BlackElo "2360"]
[PlyCount "101"]
[EventDate "2012.04.05"]
[EventType "swiss"]
[EventRounds "9"]
[EventCountry "AUS"]
[Source "Mark Crowther"]
[SourceDate "2012.04.09"]

1. e4 c6 2. d4 d5 3. Nc3 dxe4 4. Nxe4 Bf5 5. Ng3 Bg6 6. h4 h6 7. Nf3 Nd7 8. h5
Bh7 9. Bd3 Bxd3 10. Qxd3 e6 11. Bd2 Ngf6 12. O-O-O Be7 13. Qe2 c5 14. Rhe1 O-O
15. Nf5 exf5 16. Qxe7 Qc7 17. dxc5 Rfe8 18. Qd6 Qxc5 19. Qxc5 Nxc5 20. Rxe8+
Rxe8 21. Be3 Nce4 22. Bxa7 Ra8 23. Be3 Rxa2 24. Rd8+ Kh7 25. Kb1 Ra5 26. c4 f4
27. Bd4 Rxh5 28. Rb8 g5 29. Rxb7 Kg6 30. c5 Nxc5 31. Ne5+ Kf5 32. Rxf7 Ke6 33.
Rxf6+ Kxf6 34. Nd3+ Ke6 35. Bxc5 Rh1+ 36. Kc2 Rg1 37. b4 Rxg2 38. b5 Kd7 39. b6
Kc8 40. Bd4 Kb7 41. Kc3 Rg1 42. Ne5 Rb1 43. Nc4 h5 44. Kd3 g4 45. Ke4 g3 46.
Kf3 h4 47. Kg2 Kc6 48. fxg3 hxg3 49. Bf6 Rb4 50. Ne5+ Kxb6 51. Nf3 1/2-1/2

[Event "Doeberl Cup Premier O2C"]
[Site "Canberra AUS"]
[Date "2012.04.07"]
[Round "6.2"]
[White "Yang, Kaiqi"]
[Black "Rathnakaran, Kantholi"]
[Result "1/2-1/2"]
[WhiteElo "2360"]
[BlackElo "2410"]
[PlyCount "144"]
[EventDate "2012.04.05"]
[EventType "swiss"]
[EventRounds "9"]
[EventCountry "AUS"]
[Source "Mark Crowther"]
[SourceDate "2012.04.09"]

1. e4 e6 2. d4 d5 3. Nd2 Nf6 4. e5 Nfd7 5. Bd3 c5 6. c3 Nc6 7. Ne2 cxd4 8. cxd4
f6 9. Nf4 Nxd4 10. Qh5+ Ke7 11. Ng6+ hxg6 12. exf6+ Nxf6 13. Qxh8 Kf7 14. Qh4
e5 15. Nf3 Nxf3+ 16. gxf3 e4 17. fxe4 Bb4+ 18. Kf1 Nxe4 19. Qxd8 Bh3+ 20. Ke2
Rxd8 21. a3 Be7 22. Rg1 Rd6 23. Be3 Re6 24. Rac1 Bf5 25. Bxe4 Rxe4 26. Rgd1 Ke6
27. Rd4 Re5 28. Rc7 Bd8 29. Rxb7 Bb6 30. Rb4 d4 31. R7xb6+ axb6 32. Rxd4 b5 33.
a4 bxa4 34. Rxa4 g5 35. Ra6+ Ke7 36. Kf3 g4+ 37. Kf4 Rd5 38. Rb6 g6 39. b4 Kf7
40. Bc5 Kg7 41. Rb7+ Kf6 42. Rb6+ Kg7 43. Rb8 Kf6 44. Rb7 Ke6 45. Re7+ Kf6 46.
Rc7 g5+ 47. Ke3 Rd3+ 48. Ke2 Rh3 49. Bd6 Rb3 50. Bc5 Ke5 51. Re7+ Kd5 52. Rg7
Rb2+ 53. Kd1 Ke4 54. Rxg5 Kd3 55. Kc1 Rc2+ 56. Kb1 Be6 57. b5 Re2 58. Be3 Kc3
59. Rc5+ Bc4 60. b6 Re1+ 61. Bc1 Re6 62. Bb2+ Kd3 63. b7 Rb6 64. Rc7 Bd5 65.
Rd7 Kc4 66. Rg7 Bf3 67. Kc2 Rxb7 68. Rxb7 Bxb7 69. Kd2 Bf3 70. Ke3 Bd1 71. Kd2
Bf3 72. Ke3 Bd1 1/2-1/2

[Event "Doeberl Cup Premier O2C"]
[Site "Canberra AUS"]
[Date "2012.04.08"]
[Round "7.4"]
[White "Sengupta, Deep"]
[Black "Yang, Kaiqi"]
[Result "1-0"]
[WhiteElo "2572"]
[BlackElo "2360"]
[PlyCount "161"]
[EventDate "2012.04.05"]
[EventType "swiss"]
[EventRounds "9"]
[EventCountry "AUS"]
[Source "Mark Crowther"]
[SourceDate "2012.04.09"]

1. e4 c5 2. Nf3 e6 3. Nc3 a6 4. g3 b5 5. Bg2 Bb7 6. d3 b4 7. Nb1 Nf6 8. O-O d6
9. Re1 Be7 10. Nbd2 O-O 11. d4 Nbd7 12. e5 dxe5 13. dxe5 Nd5 14. Ne4 Qc7 15.
Bg5 Bxg5 16. Nexg5 h6 17. Qd3 hxg5 18. Nxg5 N7f6 19. exf6 Nxf6 20. Bxb7 Qxb7
21. Ne4 Nxe4 22. Qxe4 Qxe4 23. Rxe4 Rfd8 24. Rc4 Rac8 25. c3 a5 26. Rc1 Rd2 27.
cxb4 Rb8 28. Rxc5 Rxb4 29. R1c2 Rxb2 30. Rxd2 Rxd2 31. Rxa5 e5 32. h4 Kh7 33.
Kg2 Kg6 34. Kf3 f6 35. Ra7 Rb2 36. Ra8 Rc2 37. a4 Ra2 38. a5 Kf5 39. g4+ Kg6
40. a6 Ra4 41. a7 Ra3+ 42. Ke4 Ra4+ 43. Kd5 Ra6 44. h5+ Kh7 45. Ke4 Ra4+ 46.
Kf5 Ra2 47. g5 fxg5 48. Kxg5 e4 49. Kg4 Ra3 50. Kf4 Ra4 51. Ke3 Ra3+ 52. Kxe4
Ra4+ 53. Kd5 Ra5+ 54. Kc6 Ra2 55. f4 Rc2+ 56. Kd5 Rd2+ 57. Kc4 Ra2 58. f5 Rc2+
59. Kb3 Rc7 60. h6 gxh6 61. Rh8+ Kxh8 62. a8=Q+ Kg7 63. Qa6 Rf7 64. Qg6+ Kf8
65. Qxh6+ Ke7 66. Qe6+ Kf8 67. Kc4 Kg7 68. Qg6+ Kf8 69. Kd5 Rd7+ 70. Ke5 Re7+
71. Kf4 Rf7 72. Qd6+ Kg7 73. Kg5 Kg8 74. Qd8+ Rf8 75. Qxf8+ Kxf8 76. Kf6 Kg8
77. Ke7 Kg7 78. f6+ Kg8 79. f7+ Kh8 80. Kf6 Kh7 81. f8=R 1-0

[Event "Doeberl Cup Premier O2C"]
[Site "Canberra AUS"]
[Date "2012.04.08"]
[Round "8.11"]
[White "Yang, Kaiqi"]
[Black "Liu, Yi"]
[Result "1-0"]
[WhiteElo "2360"]
[BlackElo "2116"]
[PlyCount "79"]
[EventDate "2012.04.05"]
[EventType "swiss"]
[EventRounds "9"]
[EventCountry "AUS"]
[Source "Mark Crowther"]
[SourceDate "2012.04.16"]

1. e4 e6 2. Qe2 c5 3. Nf3 Nc6 4. g3 Be7 5. Bg2 d5 6. d3 Nf6 7. O-O O-O 8. Re1
b5 9. Nbd2 a5 10. h4 b4 11. h5 a4 12. h6 g6 13. exd5 exd5 14. Nf1 Re8 15. Bg5
Be6 16. Qd2 a3 17. b3 d4 18. Ne5 Nxe5 19. Rxe5 Nd5 20. Bxd5 Bxd5 21. Rxe7 Rxe7
22. Re1 Be6 23. Qf4 Qf8 24. Qf6 Rd7 25. Bf4 Rd5 26. Re5 Rad8 27. Nd2 Bf5 28.
Re7 Bc8 29. Ne4 Rf5 30. Be5 Rxf6 31. Nxf6+ Kh8 32. Nd7+ Kg8 33. Nxf8 Kxf8 34.
Rc7 Bg4 35. Rxc5 Rc8 36. Rxc8+ Bxc8 37. Bxd4 Ke8 38. f4 Be6 39. Bc5 Bxb3 40.
cxb3 1-0

[Event "Doeberl Cup Premier O2C"]
[Site "Canberra AUS"]
[Date "2012.04.08"]
[Round "9.5"]
[White "Rodriguez, Amador"]
[Black "Yang, Kaiqi"]
[Result "1/2-1/2"]
[WhiteElo "2440"]
[BlackElo "2360"]
[PlyCount "96"]
[EventDate "2012.04.05"]
[EventType "swiss"]
[EventRounds "9"]
[EventCountry "AUS"]
[Source "Mark Crowther"]
[SourceDate "2012.04.16"]

1. e4 c5 2. Nf3 Nc6 3. d4 cxd4 4. Nxd4 Nf6 5. Nc3 g6 6. Nxc6 bxc6 7. e5 Ng8 8.
Bc4 Bg7 9. Bf4 f6 10. Qe2 fxe5 11. Bxe5 Nf6 12. Ne4 Qa5+ 13. Bc3 Qc7 14. g4 Qf4
15. g5 Qxe4 16. Qxe4 Nxe4 17. Bxg7 Rf8 18. Bxf8 Kxf8 19. h4 Kg7 20. Bd3 Nc5 21.
O-O-O d6 22. Rhe1 Kf8 23. c4 a5 24. Bc2 Be6 25. b3 Rb8 26. Kd2 Kg7 27. Ke3 Rf8
28. f4 Bg4 29. Rd2 Ne6 30. Rg2 Bf5 31. Bxf5 Rxf5 32. Rf2 Kf7 33. Ref1 Ke8 34.
Kd3 Kd7 35. Kc3 c5 36. Kb2 Ng7 37. Ka3 Kc6 38. Ka4 e6 39. Re1 Rf7 40. Rb1 Rb7
41. Re2 Rf7 42. h5 gxh5 43. Rxe6 Rxf4 44. Rh6 Rf2 45. a3 Rf7 46. Kxa5 Re7 47.
Rxh5 Rf7 48. Rh3 Re7 1/2-1/2

[Event "HD Bank Cup"]
[Site "Ho Chi Minh City VIE"]
[Date "2012.03.02"]
[Round "1.33"]
[White "Yang, Kaiqi"]
[Black "Nguyen Hoang Anh"]
[Result "1-0"]
[WhiteElo "2360"]
[BlackElo "1924"]
[PlyCount "85"]
[EventDate "2012.03.02"]
[EventType "swiss"]
[EventRounds "9"]
[EventCountry "VIE"]

1. e4 d6 2. d4 Nf6 3. Nc3 g6 4. f4 c5 5. dxc5 Qa5 6. cxd6 Nxe4 7. Qd4 Nf6 8.
Bb5+ Bd7 9. Bxd7+ Nbxd7 10. Bd2 Qf5 11. O-O-O e6 12. Nge2 Bg7 13. Ng3 Qa5 14.
Nge4 O-O 15. Nxf6+ Nxf6 16. Kb1 Qa6 17. Qb4 Rfc8 18. Be3 Rc4 19. Qb5 Qxb5 20.
Nxb5 Rb4 21. Nc7 Ng4 22. b3 Nxe3 23. Nxa8 Nxd1 24. Rxd1 Rd4 25. Rxd4 Bxd4 26.
d7 Bf6 27. Nc7 Kf8 28. Ne8 Bd8 29. Nd6 b6 30. Nc8 a5 31. c4 f6 32. Kc2 Kf7 33.
Kd3 e5 34. fxe5 fxe5 35. Nd6+ Ke7 36. Nb7 Kxd7 37. Nxd8 Kxd8 38. Ke4 Kd7 39.
Kxe5 Kc6 40. Kd4 b5 41. c5 b4 42. Kc4 g5 43. g4 1-0

[Event "HD Bank Cup"]
[Site "Ho Chi Minh City VIE"]
[Date "2012.03.03"]
[Round "3.27"]
[White "Yang, Kaiqi"]
[Black "Sukandar, Irene Kharisma"]
[Result "1-0"]
[WhiteElo "2360"]
[BlackElo "2349"]
[PlyCount "69"]
[EventDate "2012.03.02"]
[EventType "swiss"]
[EventRounds "9"]
[EventCountry "VIE"]

1. d4 Nf6 2. c4 e6 3. Nc3 Bb4 4. a3 Bxc3+ 5. bxc3 d6 6. f3 O-O 7. e4 Nh5 8. Nh3
f5 9. Bd3 e5 10. exf5 exd4 11. g4 Qh4+ 12. Nf2 Nf6 13. cxd4 Re8+ 14. Kf1 Nc6
15. d5 Ne5 16. Bf4 Nfd7 17. Bg3 Qe7 18. Kg2 Nc5 19. Re1 Qf7 20. Bxe5 dxe5 21.
Ne4 Nxe4 22. Rxe4 Bd7 23. Qe2 Qf6 24. Re1 Qd6 25. Qb2 Qb6 26. Qc3 Qc5 27. Qb4
Qxb4 28. axb4 a5 29. bxa5 Rxa5 30. f4 Ra3 31. Bb1 Rea8 32. fxe5 Rc3 33. e6 Be8
34. g5 Bh5 35. Rf4 1-0

[Event "HD Bank Cup"]
[Site "Ho Chi Minh City VIE"]
[Date "2012.03.04"]
[Round "4.13"]
[White "Torre, Eugenio"]
[Black "Yang, Kaiqi"]
[Result "1/2-1/2"]
[WhiteElo "2502"]
[BlackElo "2360"]
[PlyCount "94"]
[EventDate "2012.03.02"]
[EventType "swiss"]
[EventRounds "9"]
[EventCountry "VIE"]

1. d4 e6 2. Nf3 c5 3. e3 Nf6 4. c4 cxd4 5. exd4 Bb4+ 6. Nbd2 d5 7. c5 Ne4 8.
Bd3 f5 9. O-O Nc6 10. Nb3 O-O 11. a3 Ba5 12. Nxa5 Qxa5 13. Bf4 Qd8 14. Bb5 g5
15. Bxc6 bxc6 16. Be5 Ba6 17. Re1 g4 18. Nd2 Qh4 19. Nxe4 fxe4 20. Bg3 Qg5 21.
Re3 h5 22. Bd6 Rf3 23. Qd2 Rf7 24. Rd1 Kh7 25. Rf3 Qxd2 26. Rxf7+ Kg6 27. Rxd2
Kxf7 28. Rc2 Kg6 29. Rc3 Bc4 30. f3 gxf3 31. gxf3 Kf5 32. Kf2 Rg8 33. Be5 Rf8
34. Ke3 exf3 35. Kxf3 Kg5+ 36. Kg2 h4 37. Rf3 Rxf3 38. Kxf3 Bb3 39. Ke3 Kg6 40.
Kd3 Kf7 41. Kc3 Bc4 42. Kb4 Ke7 43. Ka5 Kd7 44. b4 h3 45. a4 Kc8 46. b5 Kb7 47.
b6 a6 1/2-1/2

[Event "HD Bank Cup"]
[Site "Ho Chi Minh City VIE"]
[Date "2012.03.04"]
[Round "5.18"]
[White "Yang, Kaiqi"]
[Black "Sean, Winshand Cuhendi"]
[Result "1-0"]
[WhiteElo "2360"]
[BlackElo "2036"]
[PlyCount "99"]
[EventDate "2012.03.02"]
[EventType "swiss"]
[EventRounds "9"]
[EventCountry "VIE"]

1. c4 g6 2. Nc3 Bg7 3. d4 c5 4. Nf3 cxd4 5. Nxd4 Nc6 6. Nc2 Nf6 7. e4 d6 8. Be2
O-O 9. O-O a6 10. Be3 Ne5 11. f3 Bd7 12. a4 Rc8 13. b3 Qa5 14. Qd2 Kh8 15. Rac1
h5 16. h3 g5 17. b4 Qd8 18. Na3 Rg8 19. a5 Ng6 20. Nd5 Nxd5 21. cxd5 Nf4 22.
Bxf4 gxf4 23. Qxf4 Rxc1 24. Rxc1 Qf8 25. Rc7 Bxh3 26. Bf1 Bh6 27. Qh2 Qb8 28.
Rc2 Qa7+ 29. Kh1 Qe3 30. Qxh3 Qxa3 31. Qxh5 Rg6 32. f4 Qa1 33. Rf2 Qd4 34. Rf3
Kg7 35. f5 Rg5 36. Qh4 Qd1 37. Kh2 Qd4 38. Rh3 Qe5+ 39. Kh1 Qf6 40. e5 dxe5 41.
Bd3 Qd6 42. Be4 Qf6 43. Bd3 Qd6 44. Qe4 Kg8 45. Qc4 Kg7 46. Qh4 Qf6 47. Qe4 Kf8
48. d6 Qxd6 49. Qxb7 Rg4 50. Qc8+ 1-0

[Event "HD Bank Cup"]
[Site "Ho Chi Minh City VIE"]
[Date "2012.03.05"]
[Round "6.10"]
[White "Duong The Anh"]
[Black "Yang, Kaiqi"]
[Result "1-0"]
[WhiteElo "2373"]
[BlackElo "2360"]
[PlyCount "85"]
[EventDate "2012.03.02"]
[EventType "swiss"]
[EventRounds "9"]
[EventCountry "VIE"]
[Source "Mark Crowther"]
[SourceDate "2012.03.12"]

1. d4 e6 2. Nf3 c5 3. g3 b6 4. Bg2 Bb7 5. O-O Nf6 6. c4 cxd4 7. Nxd4 Bxg2 8.
Kxg2 Qc8 9. b3 d5 10. cxd5 Nxd5 11. Bb2 Qb7 12. Nf3 f6 13. e4 Nc7 14. Nbd2 Nba6
15. Nh4 O-O-O 16. Qe2 Nc5 17. Nhf3 f5 18. Kg1 Nxe4 19. Nxe4 Qxe4 20. Qxe4 fxe4
21. Ng5 Rd2 22. Bc3 Rc2 23. Rac1 Rxc1 24. Rxc1 Ba3 25. Rc2 Rd8 26. Bxg7 Rd1+
27. Kg2 Kb7 28. Nxe4 Nd5 29. Ng5 Re1 30. Nxh7 e5 31. Nf6 Nb4 32. Rc4 Nd3 33.
Re4 Rd1 34. h4 Bc5 35. Re2 Ne1+ 36. Kh3 Nd3 37. Ne4 Bd4 38. Kg4 Kc6 39. h5 Kd5
40. h6 Nc1 41. Nf6+ Ke6 42. h7 Rh1 43. Rc2 1-0